01168camaa22002891i 450000100090000000300090000900500170001800800410003501000170007602000150009302000180010804000380012608200230016410000190018724500820020626400530028830000900034133600260043133700280045733800270048550000200051250400340053254100760056665000430064285600890068585601040077411866683EG-GICUC20260514134809.0991213s2000 caua jrb 001 0 eng  a 99087609  a1886411360 a9781886411364 aDLCcDLCdDLCdEG-GICUCbengerda00a005.2/762221bT331 aThau.eAuthor.14aThe book of JavaScript :ba practical guide to interactive Web pages /cThau. aSan Francisco, Calif. :bNo Starch Press,c2000. axix, 397 page. :billustration ;c24 cm. +e1 computer laser optical disc (4 3/4 in.) atextbtxt2rdacontent aunmediatedbn2rdamedia avolumebnc2rdacarrier aIncludes index. aBibliography: pages 379-397.  aوزارة الثقافة ؛bالقاهرة ؛cإهداء ؛d2023. 0aJavaScript (Computer program language)423Publisher descriptionuhttp://www.loc.gov/catdir/enhancements/fy0716/99087609-d.html423Contributor biographical informationuhttp://www.loc.gov/catdir/enhancements/fy0913/99087609-b.html